Diario di un innocente /
में बचाया:
| मुख्य लेखक: | |
|---|---|
| अन्य लेखक: | |
| स्वरूप: | पुस्तक |
| भाषा: | इतालवी |
| प्रकाशित: |
Milano :
SE,
\1999!
|
| श्रृंखला: | Prosa e poesia del Novecento ;
75 |
| टैग: |
कोई टैग नहीं, इस रिकॉर्ड को टैग करने वाले पहले व्यक्ति बनें!
|
MARC
| LEADER | 00000nam a22000007i 4500 | ||
|---|---|---|---|
| 001 | IT\ICCU\LO1\0499990 | ||
| 003 | ItRI | ||
| 005 | 20250731133106.0 | ||
| 008 | 990727s1999 it |||||| ||||| |||||c | ||
| 020 | |a 8877104325 | ||
| 040 | |b ita |c Arcigay Genova | ||
| 041 | 7 | |a ita |2 ISO-639-2 | |
| 082 | |a 843.914 |2 21 | ||
| 100 | 1 | |a Duvert, Tony |0 IT\ICCU\RAVV\033295 |4 aut | |
| 240 | 1 | 0 | |a Journal d'un innocent. |9 Duvert, Tony |
| 245 | 1 | 0 | |a Diario di un innocente / |c Tony Duvert ; traduzione di Angelo Morino. |
| 260 | |a Milano : |b SE, |c \1999! | ||
| 300 | |a 209 p. ; |c 23 cm. | ||
| 700 | 1 | |a Morino, Angelo |0 IT\ICCU\CFIV\011742 | |
| 830 | 0 | |a Prosa e poesia del Novecento ; |v 75 |0 IT\ICCU\LO1\0262293 | |
| 942 | |2 ddc |c BK | ||
| 952 | |0 0 |1 0 |2 ddc |4 0 |6 843_914000000000000_DUV_DIA |7 1 |9 2776 |a GE |b GE |d 2025-01-05 |l 0 |o 843.914 DUV DIA |p 1370 |r 2025-01-05 19:10:28 |w 2025-01-05 |x Donazione di Alvaro Bazzano |y BK |z Donazione AB | ||
| 952 | |0 0 |1 0 |2 ddc |4 0 |6 B_LNR02DUVTODIA11 |7 0 |9 5562 |a MI |b MI |d 2005-11-11 |i 4994 |l 0 |o B-LNR02-DUVTO-DIA11 |p CDOM4994 |r 2025-07-13 16:28:01 |w 2025-07-13 |x DONO |y BK | ||
| 981 | 1 | |6 z01 |a i |b xxxe | |
| 982 | 1 | |6 z01 |a n | |
| 999 | |c 2394 |d 2394 | ||